000 00559nam a2200193 a 4500
001 BRCA_7886
005 20190320210035.0
008 271213s2011----mx-a######---#000-0#spa-#
020 _a9786078157006
041 _aspa
044 _amx
050 4 _aTL410
_b.P47 2011
100 1 _aPérez López, Ruth
_919508
245 1 0 _aPor mi ciudad en bicicleta
_bexperiencias de ciclistas en la ciudad de México
_cRuth Pérez López.
260 _aMéxico
_bBicitekas
_c2011
300 _a207 p.
_bil. a color
_c21 cm.
650 1 4 _aBicicletas
_919509
942 _2lcc
_cB
999 _c7560
_d7560